| 000 | 02262cam a22004574i 4500 | ||
|---|---|---|---|
| 003 | PE-LiUPU | ||
| 005 | 20250731183438.0 | ||
| 008 | 150706s2011 mx a rb 000 0 d | ||
| 020 | _a9786071707369 | ||
| 035 | _a(Sirsi) i9786071707369 | ||
| 040 |
_aPE-LiUPU _bspa _cPE-LiUPU _erda |
||
| 049 | _aPRUA | ||
| 082 | 0 | 4 |
_a307.76097252 _bB28 _221 |
| 082 | 0 | 4 |
_a711.5 _bB29 2011 |
| 100 | 1 |
_aBazant Sánchez, Jan, _eautor. |
|
| 245 | 1 | 0 |
_aPlaneación urbana estratégica : _bmétodos y técnicas de análisis / _cJan Bazant S. |
| 264 | 1 |
_aMéxico, D. F. : _bTrillas, _c2011. |
|
| 300 |
_a198 páginas : _bilustraciones ; _c27 cm. |
||
| 336 |
_atext _2rdacontent |
||
| 337 |
_aunmediated _2rdamedia |
||
| 338 |
_avolume _2rdacarrier |
||
| 504 | _aIncluye bibliografía. | ||
| 505 | 0 | _aQué es planeación urbana estratégica -- Enfoque, metodología y objetivos de la planeación urbana estratégica -- Componentes y sistemas del desarrollo urbano -- Demografía y comunidad -- Economía urbana y distribución del ingreso -- Estructura urbana y capacidad vial -- Movilidad urbana y transporte público. | |
| 526 | _aP158 | ||
| 526 | _aP146 | ||
| 526 | _aP17 | ||
| 526 | _aP12 | ||
| 526 | _aP06 | ||
| 541 | _g015-001535; | ||
| 650 | 0 | 4 |
_aPlaneamiento urbano _zMéxico (D.F.). |
| 650 | 0 | 4 |
_aUrbanización _zMéxico (D.F.) _xAspectos sociales. |
| 910 |
_cng _d20130530 |
||
| 942 |
_2ddc _cBOOK |
||
| 949 |
_a307.76097252 B28 _wDEWEY _c1 _i67367 _lCCODEBUL1 _mBUL _p26.00 _r0 _sY _tBOOK _u2015-7-6 _xINGENIERIA _PP25 _o.STAFF. Colección General |
||
| 949 |
_a711.5 B29 2011 _wDEWEY _c1 _iFJ08655 _lCCODEBUJ1 _mBUJ _p26.00 _r0 _sY _tBOOK _u2017-09-01 _xINGENIERIA _PP25 _o.STAFF. Colección General Juliaca |
||
| 994 |
_aC0 _bPEPRU |
||
| 596 | _a1 3 | ||
| 999 |
_a711.5 _wDEWEY _c55034 _i67367 _d55034 _e2017-10-24 _f2021-11-9 _g7 _lCCODEBUL1 _mBUL _n6 _p26.00 _q1 _r0 _sY _tBOOK _u2015-7-6 _xINGENIERIA _PP25 _0COMPRA _o.STAFF. Colección General |
||
| 999 |
_a711.5 B29 2011 _wDEWEY _c1 _iFJ08655 _d2019-5-13 _e2019-3-12 _f2022-2-1 _g3 _lCCODEBUJ1 _mBUJ _n1 _p26.00 _q4 _r0 _sY _tBOOK _u2018-1-2 _xINGENIERIA _PP25 _0COMPRA _o.STAFF. Colección General Juliaca |
||
| 980 |
_81 _gALBERTO SANCHEZ Responsable de Automatización |
||